LEADER 01080nam0 22002771i 450 001 UON00425434 005 20231205104845.174 010 $a05-7105-871-X 100 $a20130529d1974 |0itac50 ba 101 $aeng 102 $aGB 105 $a|||| 1|||| 200 1 $aˆThe ‰use of poetry and the use of criticism$estudies in the relations of criticism to poetry in England$fby T. S. Eliot 210 $aLondon$cFaber and Faber$dstampa 1974 215 $a156 p.$d23 cm. 606 $aPoesia$xSaggi$3UONC053700$2FI 620 $aGB$dLondon$3UONL003044 676 $a801.95$cCritica letteraria$v21 700 1$aELIOT$bThomas Stearns$3UONV114702$0156602 712 $aFaber and Faber$3UONV246465$4650 801 $aIT$bSOL$c20250627$gRICA 899 $aSIBA - SISTEMA BIBLIOTECARIO DI ATENEO$2UONSI 912 $aUON00425434 950 $aSIBA - SISTEMA BIBLIOTECARIO DI ATENEO$dSI X 154 $eSI LO 8785 5 154 $sBuono 996 $aUse of poetry and the use of criticism$9132503 997 $aUNIOR